Sports Quiz

Random Sports or NBA Quiz

NBA Rosters 2016-17 [East] Quiz Stats

 Plays Quiz not verified by Sporcle

Score 0/226 Timer 20:00
0 Plays Today
Team Player % Correct
Boston CelticsIsaiah Thomas
91.7%
Cleveland CavaliersLeBron James
90.9%
Cleveland CavaliersKyrie Irving
89.6%
Cleveland CavaliersJ.R. Smith
88.9%
Atlanta HawksPaul Millsap
88.7%
Cleveland CavaliersKevin Love
88.2%
Chicago BullsDwyane Wade
88.2%
Brooklyn NetsBrook Lopez
87.8%
Chicago BullsRobin Lopez
87.6%
Atlanta HawksDwight Howard
87.3%
Charlotte HornetsKemba Walker
87.1%
Boston CelticsAl Horford
86.9%
New York KnicksLance Thomas
86.8%
Washington WizardsJohn Wall
86.2%
Indiana PacersPaul George
85.9%
Atlanta HawksDennis Schroder
85.7%
Chicago BullsJimmy Butler
85.5%
Detroit PistonsAndre Drummond
85.3%
Toronto RaptorsKyle Lowry
85%
Boston CelticsAvery Bradley
84.6%
Washington WizardsBradley Beal
84.5%
Detroit PistonsReggie Jackson
84.4%
Toronto RaptorsDeMar DeRozan
84.4%
Detroit PistonsIsh Smith
84.3%
New York KnicksCarmelo Anthony
84.1%
Cleveland CavaliersTristan Thompson
83.8%
Washington WizardsJason Smith
83.7%
New York KnicksDerrick Rose
82.8%
Boston CelticsAmir Johnson
82.5%
Miami HeatTyler Johnson
82.5%
Detroit PistonsStanley Johnson
82.4%
Miami HeatJames Johnson
82.2%
Philadelphia 76ersJoel Embiid
82.2%
Miami HeatHassan Whiteside
82.1%
Brooklyn NetsJeremy Lin
81.6%
Boston CelticsJae Crowder
81.1%
Milwaukee BucksGiannis Antetokounmpo
81%
New York KnicksKristaps Porzingis
81%
Miami HeatGoran Dragic
80.4%
Orlando MagicAaron Gordon
80.4%
Charlotte HornetsMarvin Williams
80.2%
Indiana PacersAl Jefferson
80.2%
Boston CelticsMarcus Smart
80.1%
Cleveland CavaliersRichard Jefferson
80.1%
Cleveland CavaliersKyle Korver
80%
Cleveland CavaliersDeron Williams
80%
Chicago BullsRajon Rondo
79.8%
Boston CelticsDemetrius Jackson
79.8%
Washington WizardsMarcin Gortat
78.4%
Indiana PacersMyles Turner
78.3%
Atlanta HawksKent Bazemore
77.9%
Miami HeatOkaro White
77.7%
Indiana PacersJeff Teague
77.4%
Charlotte HornetsCody Zeller
77.4%
Boston CelticsTyler Zeller
77.3%
Cleveland CavaliersIman Shumpert
76.9%
Washington WizardsMarkieff Morris
75.4%
New York KnicksJoakim Noah
75.3%
Indiana PacersThaddeus Young
75.3%
Cleveland CavaliersDerrick Williams
75.1%
Indiana PacersJoe Young
75%
Cleveland CavaliersJames Jones
74.5%
Washington WizardsOtto Porter
74.3%
Boston CelticsJaylen Brown
73.8%
Toronto RaptorsJonas Valanciunas
73.8%
Charlotte HornetsNicolas Batum
73.6%
Toronto RaptorsSerge Ibaka
73.3%
Detroit PistonsMarcus Morris
73.1%
Boston CelticsKelly Olynyk
72.4%
Philadelphia 76ersJahlil Okafor
72.4%
Philadelphia 76ersBen Simmons
71.8%
New York KnicksCourtney Lee
71.6%
Orlando MagicElfrid Payton
71.5%
Orlando MagicNikola Vucevic
71.4%
Boston CelticsJames Young
71%
Milwaukee BucksGreg Monroe
71%
Team Player % Correct
Detroit PistonsTobias Harris
70.6%
Brooklyn NetsJoe Harris
70.6%
Atlanta HawksTim Hardaway Jr.
70.4%
Milwaukee BucksKhris Middleton
70.2%
Boston CelticsGerald Green
70.1%
Charlotte HornetsMichael Kidd-Gilchrist
70.1%
Cleveland CavaliersChanning Frye
70%
Orlando MagicJeff Green
70%
Milwaukee BucksJabari Parker
69.9%
Toronto RaptorsDeMarre Carroll
68.8%
Detroit PistonsKentavious Caldwell-Pope
68.7%
Milwaukee BucksMatthew Dellavedova
67.9%
Chicago BullsNikola Mirotic
67.8%
Indiana PacersMonta Ellis
66.4%
Orlando MagicEvan Fournier
65%
Miami HeatDion Waiters
64.6%
Miami HeatChris Bosh
64.5%
Indiana PacersC.J. Miles
63.8%
Chicago BullsMichael Carter-Williams
63.5%
Philadelphia 76ersRobert Covington
63.1%
Boston CelticsTerry Rozier
62.2%
Charlotte HornetsFrank Kaminsky
62%
Orlando MagicBismack Biyombo
62%
Miami HeatJustise Winslow
61.8%
Milwaukee BucksGary Payton II
61.3%
Brooklyn NetsRondae Hollis-Jefferson
61.1%
Brooklyn NetsTrevor Booker
61%
Philadelphia 76ersDario Saric
60.9%
Toronto RaptorsCory Joseph
60.5%
Miami HeatJosh Richardson
60.3%
Toronto RaptorsPatrick Patterson
60.2%
Milwaukee BucksMalcolm Brogdon
59.3%
Chicago BullsCameron Payne
58.8%
Philadelphia 76ersT.J. McConnell
58.5%
Milwaukee BucksJohn Henson
58.1%
Atlanta HawksThabo Sefolosha
57.9%
Atlanta HawksTaurean Prince
57.3%
New York KnicksMarshall Plumlee
57.3%
Orlando MagicTerrence Ross
57%
Toronto RaptorsNorman Powell
56.8%
Boston CelticsJonas Jerebko
56.7%
Miami HeatUdonis Haslem
56.6%
Milwaukee BucksThon Maker
56.6%
Washington WizardsKelly Oubre Jr.
56.1%
Washington WizardsBojan Bogdanovic
56%
Milwaukee BucksTony Snell
55.1%
Chicago BullsBobby Portis
54.9%
Charlotte HornetsMiles Plumlee
54.8%
Chicago BullsJerian Grant
54.1%
Milwaukee BucksJason Terry
54%
Indiana PacersGlenn Robinson
54%
Chicago BullsDenzel Valentine
53.8%
Atlanta HawksMike Muscala
53.6%
Washington WizardsBrandon Jennings
53.3%
New York KnicksWilly Hernangomez
53%
Charlotte HornetsJeremy Lamb
52.7%
Brooklyn NetsSean Kilpatrick
52.6%
Indiana PacersAaron Brooks
52.6%
Atlanta HawksMike Dunleavy
52.2%
Philadelphia 76ersJerryd Bayless
52%
New York KnicksKyle O'Quinn
52%
Washington WizardsIan Mahinmi
51.5%
Detroit PistonsAron Baynes
51.4%
Detroit PistonsBoban Marjanovic
51.3%
Cleveland CavaliersKay Felder
51.3%
Philadelphia 76ersNik Stauskas
50.6%
Indiana PacersLavoy Allen
50.5%
Chicago BullsCristiano Felicio
49.6%
Cleveland CavaliersDeAndre Liggins
49.5%
Atlanta HawksKris Humphries
49%
Orlando MagicMario Hezonja
48.9%
Chicago BullsIsaiah Canaan
48.6%
Philadelphia 76ersGerald Henderson
48.3%
Miami HeatJosh McRoberts
48.1%
Orlando MagicD.J. Augustin
47.9%
Brooklyn NetsCaris LeVert
47.7%
Team Player % Correct
Milwaukee BucksMirza Teletovic
47.6%
New York KnicksRon Baker
47.2%
Philadelphia 76ersSergio Rodriguez
47.1%
Brooklyn NetsRandy Foye
46.8%
Chicago BullsAnthony Morrow
46.7%
Milwaukee BucksMichael Beasley
46.5%
Atlanta HawksJose Calderon
46.5%
Atlanta HawksErsan Ilyasova
46.3%
New York KnicksJustin Holiday
46.1%
Toronto RaptorsLucas Nogueira
46.1%
Charlotte HornetsRamon Sessions
45.9%
Orlando MagicC.J. Watson
45.4%
Charlotte HornetsMarco Belinelli
45.4%
Washington WizardsTrey Burke
45.3%
Toronto RaptorsPascal Siakam
45.1%
Atlanta HawksMalcolm Delaney
44.4%
New York KnicksMindaugas Kuzminskas
44.3%
Brooklyn NetsIsaiah Whitehead
43.7%
Detroit PistonsJon Leuer
43.4%
Indiana PacersLance Stephenson
42.8%
Chicago BullsPaul Zipser
42.4%
Toronto RaptorsJakob Pöltl
42.3%
New York KnicksChasson Randle
42.2%
Toronto RaptorsDelon Wright
41.8%
Brooklyn NetsJustin Hamilton
41.4%
Boston CelticsJordan Mickey
41.4%
Philadelphia 76ersRichaun Holmes
41.4%
Indiana PacersKevin Seraphin
40.6%
Atlanta HawksDeAndre' Bembry
40.3%
Milwaukee BucksRashad Vaughn
40.3%
Brooklyn NetsSpencer Dinwiddie
40.2%
Milwaukee BucksSpencer Hawes
40.1%
New York KnicksSasha Vujacic
39.9%
Charlotte HornetsBrian Roberts
39.7%
Miami HeatWayne Ellington
39.5%
Washington WizardsTomas Satoransky
38.7%
Detroit PistonsReggie Bullock
38.2%
Toronto RaptorsFred VanVleet
38%
Orlando MagicJodie Meeks
38%
Philadelphia 76ersJustin Anderson
37.8%
Detroit PistonsBeno Udrih
37.5%
Toronto RaptorsBruno Caboclo
37.4%
Miami HeatRodney McGruder
37.2%
Miami HeatWillie Reed
37%
Miami HeatLuke Babbitt
36.9%
Indiana PacersRakeem Christmas
36.4%
Toronto RaptorsP.J. Tucker
36%
Brooklyn NetsQuincy Acy
35.6%
Indiana PacersGeorges Niang
33%
Orlando MagicDamjan Rudez
32.4%
Philadelphia 76ersTiago Splitter
32.3%
Philadelphia 76ersTimothe Luwawu
32.3%
Detroit PistonsHenry Ellenson
32.2%
New York KnicksMaurice Ndour
32.1%
Chicago BullsJoffrey Lauvergne
31.8%
Detroit PistonsDarrun Hilliard
30.6%
Cleveland CavaliersLarry Sanders
29.4%
Orlando MagicPatricio Garino
28.9%
Charlotte HornetsChristian Wood
28.6%
Orlando MagicStephen Zimmerman
28.5%
Charlotte HornetsTreveon Graham
28.1%
Brooklyn NetsAndrew Nicholson
26.5%
Washington WizardsSheldon McClellan
24.8%
Washington WizardsDaniel Ochefu
24.7%
Detroit PistonsMichael Gbinije
24.5%
Atlanta HawksRyan Kelly
20.7%
Washington WizardsChris McCullough
19.4%
Brooklyn NetsK.J. McDaniels
19.3%
Charlotte HornetsBrianté Weber
18.2%
Charlotte HornetsJohnny O'Bryant III
17.4%
Brooklyn NetsArchie Goodwin
13.6%
Philadelphia 76ersShaun Long
12.6%
Philadelphia 76ersAlex Poythress
8.2%
Orlando MagicMarcus Georges-Hunt
8%

You're not logged in!

Compare scores with friends on all Sporcle quizzes.
OR
Log In

Show Comments

Extras

Top Quizzes Today


Score Distribution

Your Account Isn't Verified!

In order to create a playlist on Sporcle, you need to verify the email address you used during registration. Go to your Sporcle Settings to finish the process.

Report this User

Report this user for behavior that violates our Community Guidelines.

Details: